| 000 | 00461nam a2200169 i 4500 | ||
|---|---|---|---|
| 001 | 71683 | ||
| 003 | ES-MaACL | ||
| 005 | 20230906171210.0 | ||
| 007 | t| | ||
| 008 | 040817s1964 sp ||||1| spa d | ||
| 100 | 1 |
_aGerling, Heinrich. _956462 |
|
| 245 | 1 | 0 |
_aAlrededor de las máquinas herramientas / _cHeinrich Gerling. |
| 250 | _a2ª ed. | ||
| 260 |
_aBarcelona : _bReverté, _c1964. |
||
| 300 |
_a226 p. ; _c23 cm. |
||
| 852 |
_aES-MaACL _jC-26737 _bR.55970 |
||
| 999 |
_c71683 _d71683 |
||